000 00481nam a2200181Ia 4500
001 14283
005 20260306164902.0
008 260306t2014||||xx |||||||||||||| ||spa||
041 _aESP
082 _a511.2
_bA36
100 _aAlberca Bjerregaard, Pablo
_eAUT
245 0 _aMétodos matemáticos integración múltiple:
_bteoría y ejercicios resueltos
260 _c2014
300 _a336 páginas :
_c23 cm.
650 _aGEN
654 _aCMA
942 _cLIB
_dJUS
_fJUS
_2ddc
_n
999 _c14283
_d14283